| 000 | 01332nam a2200229Ia 4500 | ||
|---|---|---|---|
| 999 |
_c54454 _d54454 |
||
| 001 | 21516 | ||
| 003 | GE_BSU | ||
| 005 | 20211126151055.0 | ||
| 008 | 181216s2017||||ge |||||||||||||| ||geo|| | ||
| 040 | _cGE_BSU | ||
| 041 | _ageo | ||
| 080 | _a342.98 მ-99 | ||
| 100 |
_aმხატვარი, მ. _913067 |
||
| 245 |
_aდისციპლინური პასუხისმგებლობის სისტემა სამართალდამცავ ორგანოებში : _bგენერალური ინსპექციების საქმიანობის მიმოხილვა / _cმიმოხილვის ავტორი მ. მხატვარი ; მიმოხილვის ხელმძღვ. ს. ვერძეული. |
||
| 264 |
_aთბილისი : _b[?], _c2017. |
||
| 300 |
_a26 გვ. ; _c24 სმ. |
||
| 541 | _h3 ლ. | ||
| 653 | _aგენერალური ინსპექციების საქმიანობის მიმოხილვა | ||
| 653 | _aდისციპლინური პასუხისმგებლობის სისტემა სამართალდამცავ ორგანოებში | ||
| 653 | _aსამართალი | ||
| 942 |
_cBK _2udc |
||